000 00564nam a22001817a 4500
999 _c183758
_d183758
005 20220104105201.0
010 _aENG-130893
020 _a978-93-90961-19-1
_c495.00
035 _aEN-114425
037 _bDBAD
082 _a363.32509546
100 _aAssad, Bashir
245 _aKashmir The War Of Narrratives:
_cBashir Assad
260 _aNew Delhi
_bRenu Kaul Verma
_c2021
270 _bNew Delhi
_e110002
_a2/15, Ansari Road, Daryaganj
_minfo@vitastapublishing.com
300 _axi, 236p
_c21cm(pbk)
942 _2ddc
_cEN
_h363.32509546
_mASS